00312nam a2200097Ia 4500008004100000041000800041100002800049245006500077260005300142999001900195241105s9999 xx 000 0 und d aeng aShende Akanksha9184204 aCompative Carbon Footprint Evaluation Of An Institional Pune bBNCA M Arch Environment Architecture, Punec2021 c362047d362047